| 000 | 00535nam a2200205Ia 4500 | ||
|---|---|---|---|
| 005 | 20250923144741.0 | ||
| 008 | 008 250917s9999 xx 000 0 eng d | ||
| 037 | _aTextual | ||
| 040 |
_aDSWL _beng _cDSWL |
||
| 041 |
_aeng _2eng |
||
| 084 | _qDSWL | ||
| 100 |
_aFirth, Raymond _9828027 |
||
| 245 | 0 |
_aElements of social organization _cby Raymond Firth |
|
| 260 |
_aLondon _bWatts& Co. _c1956 |
||
| 300 | _aviii,258p. | ||
| 365 |
_aUSD _b5.75 |
||
| 925 | _g5.75 | ||
| 942 | _cTEXL | ||
| 999 |
_c1442868 _d1442868 |
||